| 000 | 00734cam a2200217 i 4500 | ||
|---|---|---|---|
| 001 | 36789 | ||
| 005 | 20230411085857.0 | ||
| 008 | 070316s1995 sp a 000 0 spa | ||
| 020 | _a8471534487 | ||
| 020 | _a9788471534484 | ||
| 050 | 1 | 4 |
_aR PC 4645 _bV974 1995 |
| 245 | 0 | 0 |
_aVox : _bdiccionario manual alemán-español, español-alemán. |
| 246 | 3 | 0 | _aDiccionario manual alemán-español, español-alemán |
| 260 |
_aBarcelona : _bBibliograf, _c[1995] |
||
| 300 |
_axxxvii, 271, xxvi, 365 p. ; _c20 cm. |
||
| 650 | 0 |
_aSpanish language _vDictionaries _xGerman. |
|
| 650 | 0 |
_aGerman language _vDictionaries _xSpanish. |
|
| 650 | 4 |
_aAlemán _vDiccionarios _xEspañol. |
|
| 650 | 4 |
_aEspañol _vDiccionarios _xAlemán. |
|
| 942 |
_2lcc _cbk |
||
| 999 |
_c108675 _d108675 |
||